| 000 | 01151nam a22003255a 4500 | ||
|---|---|---|---|
| 001 | 195936 | ||
| 003 | ES-MaACL | ||
| 005 | 20250912122412.0 | ||
| 007 | ta | ||
| 008 | 240803s1982 sp 000 0 spa d | ||
| 017 | _aM 32198-1982 | ||
| 020 | _a8485316800 | ||
| 035 | _aRebiun08692398 | ||
| 040 |
_aES-BlULI _bspa _cES-MaACL |
||
| 100 | 1 |
_aAlfonso, Eduardo, _d1896-1991 _919848 |
|
| 245 | 1 | 0 |
_aHistoria comparada de las religiones / _cEduardo Alfonso |
| 260 |
_aMadrid : _bLuis Carcamo, _cDL1982 |
||
| 300 |
_a379 p. _c21 cm |
||
| 336 |
_2rdacontent _atexto |
||
| 337 |
_2rdamedia _asin mediación |
||
| 338 |
_2rdacarrier _avolumen |
||
| 500 | _aCatalogación provisional. Signatura: N-9058. Depósito J. | ||
| 650 | 0 | 4 |
_aReligiones- _zEspaña _916820 |
| 852 |
_aES-MaACL _bR.154338 _cDEPOJ _jN-9058 _hDonación: E. Cortijo _xEncuadernación rústica con solapas _9204965 |
||
| 903 |
_aCortijo Parralejo, Esteban, _d1952- _ednr _940933 |
||
| 942 |
_2udc _cMONOGRAFIA _n0 |
||
| 999 |
_c195936 _d195936 |
||